Instant promotions
When it comes to attracting customers, the only difference between your company and Sprint, Apple, or Burger King is great promotions. But what if you don't have millions for sophisticated PR and advertising campaigns? No problem. A self-made multimillionaire and business expert, Brad Sugars he...
שמור ב:
| מחבר ראשי: | |
|---|---|
| פורמט: | ספר |
| שפה: | Undetermined |
| יצא לאור: |
New York
McGraw-Hill
2006
|
| נושאים: | |
| תגים: |
הוספת תג
אין תגיות, היה/י הראשונ/ה לתייג את הרשומה!
|
| Thư viện lưu trữ: | Trung tâm Học liệu Trường Đại học Cần Thơ |
|---|
| LEADER | 01077nam a2200205Ia 4500 | ||
|---|---|---|---|
| 001 | CTU_156052 | ||
| 008 | 210402s9999 xx 000 0 und d | ||
| 020 | |c 13.46 | ||
| 082 | |a 659.113 | ||
| 082 | |b S947 | ||
| 100 | |a Sugars, Bradley J | ||
| 245 | 0 | |a Instant promotions | |
| 245 | 0 | |c Bradley J. Sugars | |
| 260 | |a New York | ||
| 260 | |b McGraw-Hill | ||
| 260 | |c 2006 | ||
| 520 | |a When it comes to attracting customers, the only difference between your company and Sprint, Apple, or Burger King is great promotions. But what if you don't have millions for sophisticated PR and advertising campaigns? No problem. A self-made multimillionaire and business expert, Brad Sugars helps you create compelling press releases, sizzling ads, irresistible in-store promotions, and other promotional tools that get customers flocking to you. Discover how to: Identify and reach your target market. Use the media to your advantage,... | ||
| 650 | |a Advertising campaigns,Chiến dịch quảng cáo | ||
| 904 | |i Năm | ||
| 980 | |a Trung tâm Học liệu Trường Đại học Cần Thơ | ||